000 00681nam a2200241Ia 4500
003 OSt
005 20220923220309.0
006 a|||||r|||| 00| 0
007 ta
008 220922b |||||||| |||| 00| 0 hin d
024 _a185,779
037 _cTextual
040 _aARTS
_cARTS
_bhin
041 _2hin
_ahin
082 _aY1:7:7, 152K4
100 _aलालजी सिंह
245 0 _aसामुदायिक विकास
246 _aSāmudāyik vikāsa
260 _c1968
650 _aभारतीय-लोक साहित्य
942 _hY1:7:7, 152K4
_cTEXL
_2CC
999 _c339025
_d339025